000 00420nam a2200145Ia 4500
008 090122s9999 xx 000 0 und d
082 _b2813
_aG U J
100 _aखांडेकर
_bवि
_c
245 _aआशा मिनारा
600 _aखांडेकर
630 _aआशा मिनारा
700 _aखांडेकर
730 _aआशा मिनारा
942 _cBOOK
999 _c26891
_d26891